| 000 | 005920000a22001810004500 | ||
|---|---|---|---|
| 003 | MACL | ||
| 005 | 20160526155151.0 | ||
| 008 | 160526b xxu||||| |||| 00| 0 eng d | ||
| 040 |
_aMACL _cMACL |
||
| 041 | _aHindi | ||
| 082 | _a891.432 VER | ||
| 100 |
_aवर्मा, सुरेन्द्र _943168 |
||
| 245 |
_aकैद-ए-हयात _cसुरेन्द्र वर्मा |
||
| 260 |
_bराधाकृष्ण प्रकाशन _c1993 _aनई दिल्ली |
||
| 350 | _a50 | ||
| 650 |
_aDrama _959877 |
||
| 942 |
_cHIN _k891.432/VER/D _2ddc |
||
| 999 |
_c21251 _d21251 |
||